[Event "Titled Tuesday intern op 23rd Apr Late"]
[Site "Chess.com INT"]
[Date "2024.04.23"]
[Round "1"]
[White "Krzyzanowski, Marcin"]
[Black "Liu, Casper Yukun"]
[Result "1-0"]
[WhiteElo "2510"]
[BlackElo "2282"]
[PlyCount "53"]
[EventDate "2024.04.23"]
[EventType "swiss (blitz)"]
[EventRounds "11"]
[EventCountry "USA"]
[SourceTitle "CB18_2024"]
[SourceDate "2024.05.01"]
[SourceVersion "1"]
[SourceVersionDate "2024.05.01"]
[SourceQuality "2"]

1. Nf3 g6 2. d4 Bg7 3. e3 d5 4. Bd3 Nf6 5. 0-0 0-0 6. c4 Bg4 7. cxd5 Nxd5 8. h3 Bxf3 9. Qxf3 Nc6 10. Nc3 Nb6 11. Be4 Qd7 12. Bxc6 bxc6 13. Ne4 e5 14. dxe5 Bxe5 15. Nf6+ Bxf6 16. Qxf6 Nd5 17. Qd4 Rfd8 18. b3 Ne7 19. Qf6 Nd5 20. Qd4 Ne7 21. Bb2 Qxd4 22. Bxd4 Nf5 23. Be5 Rd7 24. Rac1 Rad8 25. Rxc6 Rd2 26. a4 Rb8 27. Rxc7 1-0

[Event "Titled Tuesday intern op 12th Mar Early"]
[Site "Chess.com INT"]
[Date "2024.03.12"]
[Round "10"]
[White "Harsh, Suresh"]
[Black "Liu, Casper Yukun"]
[Result "1-0"]
[WhiteElo "2413"]
[BlackElo "2283"]
[PlyCount "159"]
[EventDate "2024.03.12"]
[EventType "swiss (blitz)"]
[EventRounds "11"]
[EventCountry "USA"]
[SourceTitle "CB12_2024"]
[SourceDate "2023.10.01"]
[SourceVersion "1"]
[SourceVersionDate "2023.10.01"]
[SourceQuality "1"]

1. a3 g6 2. g3 Bg7 3. Bg2 Nf6 4. c4 0-0 5. Nc3 c6 6. e4 d5 7. exd5 cxd5 8. Nxd5 Nc6 9. Ne3 e5 10. Ne2 e4 11. 0-0 Ne5 12. Nc3 Qd3 13. b3 Be6 14. Qc2 Rad8 15. Qxd3 Rxd3 16. Nc2 Nf3+ 17. Bxf3 exf3 18. Ne1 Rd6 19. Nxf3 Bh3 20. Re1 Rd3 21. Ne5 Rdd8 22. Nf3 Rd3 23. Re3 Rfd8 24. Rxd3 Rxd3 25. Ne1 Rd8 26. Nc2 Ng4 27. d4 Bxd4 28. Nxd4 Rxd4 29. Bf4 Rd3 30. Rc1 Rf3 31. Rc2 Nxf2 32. Rxf2 Rxc3 33. Rd2 Rxb3 34. Bh6 f6 35. a4 Rb4 36. Rd8+ Kf7 37. Rb8 b6 38. Rb7+ Ke6 39. Rxa7 Rxc4 40. Kf2 Rc2+ 41. Ke3 Rxh2 42. Rb7 Rb2 43. Rxh7 Bg2 44. Bf8 Bc6 45. g4 Bxa4 46. Kd4 Rd2+ 47. Kc3 Rg2 48. Ra7 Bc6 49. Rc7 Bd5 50. Re7+ Kd6 51. Rg7+ Kc6 52. Rxg6 Bf3 53. Rxf6+ Kb5 54. Rf5+ Kc6 55. Rxf3 Rxg4 56. Bh6 Ra4 57. Kb3 Re4 58. Be3 Re6 59. Kc4 Re4+ 60. Bd4 Re6 61. Rb3 Kc7 62. Kd5 Rd6+ 63. Ke4 Re6+ 64. Be5+ Kb7 65. Kd5 Rc6 66. Bd6 Rc1 67. Be5 Rc6 68. Bd4 Rh6 69. Rf3 Rc6 70. Rf7+ Rc7 71. Rf6 Rd7+ 72. Kc4 Rc7+ 73. Kb5 Rd7 74. Rxb6+ Kc8 75. Bc5 Rh7 76. Ra6 Rb7+ 77. Kc6 Rc7+ 78. Kd5 Rd7+ 79. Bd6 Rb7 80. Kc6 1-0

[Event "Titled Tuesday intern op 12th Mar Late"]
[Site "Chess.com INT"]
[Date "2024.03.12"]
[Round "7"]
[White "Lehtosaari, Mauri"]
[Black "Liu, Casper Yukun"]
[Result "0-1"]
[WhiteElo "2141"]
[BlackElo "2283"]
[PlyCount "88"]
[EventDate "2024.03.12"]
[EventType "swiss (blitz)"]
[EventRounds "11"]
[EventCountry "USA"]
[SourceTitle "CB12_2024"]
[SourceDate "2023.10.01"]
[SourceVersion "1"]
[SourceVersionDate "2023.10.01"]
[SourceQuality "1"]

1. d4 d5 2. Nf3 Nf6 3. Bg5 Bg4 4. Ne5 Bh5 5. c3 e6 6. Qb3 Qc8 7. Nd2 Nbd7 8. Ndf3 Ne4 9. Bh4 Bd6 10. Nxd7 Qxd7 11. e3 0-0 12. Be2 c5 13. Bg3 c4 14. Qd1 b5 15. Bxd6 Qxd6 16. Ne5 Bxe2 17. Qxe2 f6 18. Nf3 b4 19. Qc2 bxc3 20. bxc3 Qa3 21. 0-0 Rab8 22. Rab1 Nxc3 23. Rbc1 Nxa2 24. Rb1 Nc3 25. Ra1 Qb3 26. Qd2 Rf7 27. h4 Rfb7 28. h5 Ne4 29. Qa5 h6 30. Nh4 c3 31. Qa6 Qb6 32. Qa4 Rc7 33. Kh2 c2 34. Rac1 Qb5 35. Qa3 Nd2 36. Rg1 Nb3 37. Ng6 Nxc1 38. Rxc1 Kh7 39. Qd6 Qc6 40. Qg3 Rb1 41. Rxc2 Qxc2 42. Nf4 Qf5 43. Ng6 Rcc1 44. Nf8+ Kg8 0-1

[Event "Titled Tuesday intern op 12th Mar Late"]
[Site "Chess.com INT"]
[Date "2024.03.12"]
[Round "2"]
[White "Liu, Casper Yukun"]
[Black "Moreira, Ronaldo Alonso"]
[Result "0-1"]
[WhiteElo "2283"]
[BlackElo "2088"]
[PlyCount "36"]
[EventDate "2024.03.12"]
[EventType "swiss (blitz)"]
[EventRounds "11"]
[EventCountry "USA"]
[SourceTitle "CB12_2024"]
[SourceDate "2023.10.01"]
[SourceVersion "1"]
[SourceVersionDate "2023.10.01"]
[SourceQuality "1"]

1. e4 e6 2. b3 d5 3. Bb2 dxe4 4. Nc3 f5 5. d3 exd3 6. Bxd3 Nf6 7. Nf3 Bd6 8. Qe2 0-0 9. 0-0-0 Qe7 10. Rhe1 Re8 11. Nb5 Nc6 12. Ng5 h6 13. Nxd6 cxd6 14. Nf3 e5 15. Nh4 e4 16. Bc4+ d5 17. Bxd5+ Nxd5 18. Rxd5 Qxh4 0-1

[Event "Titled Tuesday intern op 12th Mar Early"]
[Site "Chess.com INT"]
[Date "2024.03.12"]
[Round "2"]
[White "Von Buelow, Georg"]
[Black "Liu, Casper Yukun"]
[Result "1-0"]
[WhiteElo "2327"]
[BlackElo "2283"]
[PlyCount "57"]
[EventDate "2024.03.12"]
[EventType "swiss (blitz)"]
[EventRounds "11"]
[EventCountry "USA"]
[SourceTitle "CB12_2024"]
[SourceDate "2023.10.01"]
[SourceVersion "1"]
[SourceVersionDate "2023.10.01"]
[SourceQuality "1"]

1. e4 g6 2. d4 Bg7 3. c4 d6 4. Nf3 Nc6 5. Be3 Bg4 6. Be2 e5 7. d5 Nce7 8. Nc3 f5 9. Ng5 Bxe2 10. Qxe2 Qd7 11. Ne6 Bf6 12. f3 a6 13. c5 Nc8 14. 0-0 Nge7 15. f4 fxe4 16. Nxe4 Nxd5 17. fxe5 Qxe6 18. Nxf6+ Nxf6 19. Rxf6 Qxe5 20. Qf2 Ne7 21. Bd4 Qd5 22. Re1 0-0-0 23. Rxe7 dxc5 24. Be5 Qd1+ 25. Qf1 Qxf1+ 26. Kxf1 Rd7 27. Rff7 Rxe7 28. Rxe7 c6 29. Bxh8 1-0

[Event "Titled Tuesday intern op 27th Feb Late"]
[Site "Chess.com INT"]
[Date "2024.02.27"]
[Round "3"]
[White "Liu, Casper Yukun"]
[Black "Goncalves, Nata"]
[Result "0-1"]
[WhiteElo "2280"]
[BlackElo "1998"]
[PlyCount "108"]
[EventDate "2024.02.27"]
[EventType "swiss (blitz)"]
[EventRounds "11"]
[EventCountry "USA"]
[SourceTitle "CB10_2024"]
[SourceDate "2024.03.06"]
[SourceVersion "1"]
[SourceVersionDate "2024.03.06"]
[SourceQuality "1"]

1. e4 e5 2. Bc4 Nf6 3. f4 Nc6 4. Nf3 exf4 5. e5 d5 6. Bb5 Ne4 7. 0-0 Bc5+ 8. d4 Bb6 9. Bxf4 0-0 10. c3 Bd7 11. Nbd2 Nxd2 12. Qxd2 Nxe5 13. Nxe5 Bxb5 14. Rf3 f6 15. Ng4 Be8 16. Rg3 Bg6 17. h4 c6 18. Kh2 Bc7 19. Rh1 Qb8 20. Bxc7 Qxc7 21. Qf2 Rae8 22. Kg1 Bh5 23. Rhh3 Bxg4 24. Rxg4 Re4 25. Rhg3 Rxg4 26. Rxg4 Qe7 27. h5 Re8 28. h6 g6 29. Rf4 Qe1+ 30. Qxe1 Rxe1+ 31. Kf2 Re6 32. a4 Kf7 33. Rh4 g5 34. Rh1 Kg6 35. a5 a6 36. Kf3 Re4 37. g3 f5 38. Kf2 Re6 39. Kf3 g4+ 40. Kf2 Kg5 41. Ra1 Rxh6 42. Ra4 Rh2+ 43. Ke3 Rxb2 44. Ra1 Rb5 45. Kd3 h5 46. c4 dxc4+ 47. Kc2 h4 48. gxh4+ Kxh4 49. Rh1+ Kg5 50. Rh8 f4 51. Rh1 g3 52. Rh8 f3 53. Rh1 g2 54. Rh8 Kf4 0-1

[Event "Titled Tuesday intern op 06th Feb Early"]
[Site "Chess.com INT"]
[Date "2024.02.06"]
[Round "2"]
[White "Lianes Garcia, Marcos"]
[Black "Liu, Casper Yukun"]
[Result "1-0"]
[WhiteElo "2394"]
[BlackElo "2280"]
[PlyCount "49"]
[EventDate "2024.02.06"]
[EventType "swiss (blitz)"]
[EventRounds "11"]
[EventCountry "USA"]
[SourceTitle "CB07_2024"]
[SourceDate "2024.02.14"]
[SourceVersion "1"]
[SourceVersionDate "2024.02.14"]
[SourceQuality "1"]

1. e4 g6 2. g3 Bg7 3. Bg2 c5 4. Ne2 Nc6 5. 0-0 d6 6. c3 e5 7. d3 f5 8. Be3 Nf6 9. h3 0-0 10. Kh2 h6 11. f4 Kh7 12. Nd2 b5 13. exf5 Qe8 14. fxg6+ Kxg6 15. fxe5 Nh5 16. Nf4+ Nxf4 17. Bxf4 dxe5 18. Be3 Bf5 19. Bxc5 Rf7 20. Ne4 Bf8 21. Rxf5 Rxf5 22. Qg4+ Rg5 23. Nxg5 hxg5 24. Bxf8 Qxf8 25. Qe4+ 1-0

[Event "Titled Tuesday intern op 16th Jan Early"]
[Site "Chess.com INT"]
[Date "2024.01.16"]
[Round "1"]
[White "Makarian, Rudik"]
[Black "Liu, Casper Yukun"]
[Result "1-0"]
[WhiteElo "2525"]
[BlackElo "2280"]
[PlyCount "27"]
[EventDate "2024.01.16"]
[EventType "swiss (blitz)"]
[EventRounds "11"]
[EventCountry "USA"]
[SourceTitle "CB04_2024"]
[SourceDate "2023.10.16"]
[SourceVersion "1"]
[SourceVersionDate "2023.10.16"]
[SourceQuality "1"]

1. d4 Nf6 2. c4 g6 3. Nc3 Bg7 4. e4 0-0 5. Be2 d6 6. Be3 a5 7. Nf3 Na6 8. 0-0 e5 9. d5 Nc5 10. Nd2 Bd7 11. b3 h5 12. h3 Nh7 13. a3 f5 14. f3 1-0

[Event "Titled Tuesday intern op 09th Jan Early"]
[Site "Chess.com INT"]
[Date "2024.01.09"]
[Round "1"]
[White "Liu, Casper Yukun"]
[Black "Bindrich, Falko"]
[Result "1/2-1/2"]
[WhiteElo "2280"]
[BlackElo "2584"]
[PlyCount "156"]
[EventDate "2024.01.09"]
[EventType "swiss (blitz)"]
[EventRounds "11"]
[EventCountry "USA"]
[SourceTitle "CB03_2024"]
[SourceDate "2024.01.17"]
[SourceVersion "1"]
[SourceVersionDate "2024.01.17"]
[SourceQuality "1"]

1. Nf3 d5 2. b3 c6 3. Bb2 Bf5 4. e3 e6 5. Be2 h6 6. 0-0 Nf6 7. c4 Be7 8. Nc3 0-0 9. h3 Nbd7 10. cxd5 exd5 11. Rc1 Re8 12. Nd4 Bg6 13. Re1 Bd6 14. Bf3 Ne5 15. g3 Nd3 16. Ba1 Qd7 17. Bg2 Rad8 18. f4 Be4 19. Nxe4 Nxe4 20. g4 Bf8 21. Qc2 Nxc1 22. Rxc1 c5 23. Nf3 f6 24. d3 Nd6 25. Nh4 Nf7 26. Nf5 g6 27. Nh4 Rxe3 28. Bxf6 Rde8 29. d4 R8e4 30. dxc5 Qe6 31. Ba1 Rg3 32. Qf2 Rd3 33. Bxe4 dxe4 34. f5 gxf5 35. gxf5 Qd5 36. Ng6 Ng5 37. Qb2 Rd1+ 38. Rxd1 Qxd1+ 39. Kh2 Nf3+ 40. Kg3 Qg1+ 41. Kf4 Qg5+ 42. Kxe4 Nd2+ 43. Kd3 Qxf5+ 44. Kxd2 Qxg6 45. Qh8+ Kf7 46. Qd4 Qg2+ 47. Kc3 Qxh3+ 48. Kb4 Qe6 49. Qf4+ Kg8 50. Qg3+ Kh7 51. Qd3+ Kg8 52. Qg3+ Kf7 53. Qf4+ Ke7 54. Qc7+ Ke8 55. Qb8+ Kf7 56. Qxb7+ Be7 57. Qf3+ Ke8 58. Qa8+ Kf7 59. Qxa7 h5 60. Qb8 Qe4+ 61. Kb5 h4 62. Qe5 Qb7+ 63. Kc4 Qa6+ 64. Kd5 Qd3+ 65. Bd4 h3 66. Qg7+ Ke8 67. Qg8+ Bf8 68. Qe6+ Kd8 69. Kc6 Qa6+ 70. Kd5 Qd3 71. Qf6+ Be7 72. Qb6+ Ke8 73. Qc6+ Kf8 74. Qc8+ Kf7 75. Qe6+ Kf8 76. Qc8+ Kf7 77. Qe6+ Ke8 78. Qc8+ Kf7 1/2-1/2

[Event "Titled Tuesday intern op 09th Jan Early"]
[Site "Chess.com INT"]
[Date "2024.01.09"]
[Round "2"]
[White "Liu, Casper Yukun"]
[Black "Vakhlamov, Igor L"]
[Result "1-0"]
[WhiteElo "2280"]
[BlackElo "2413"]
[PlyCount "75"]
[EventDate "2024.01.09"]
[EventType "swiss (blitz)"]
[EventRounds "11"]
[EventCountry "USA"]
[SourceTitle "CB03_2024"]
[SourceDate "2024.01.17"]
[SourceVersion "1"]
[SourceVersionDate "2024.01.17"]
[SourceQuality "1"]

1. Nf3 d5 2. b3 Nf6 3. Bb2 e6 4. e3 Be7 5. Be2 0-0 6. 0-0 c5 7. c4 Nc6 8. cxd5 exd5 9. d4 Ne4 10. Nbd2 Bf6 11. Rc1 Bg4 12. Nxe4 dxe4 13. Nd2 Bxe2 14. Qxe2 cxd4 15. Nxe4 d3 16. Nxf6+ Qxf6 17. Qd2 Qg6 18. Rfd1 Rfd8 19. Rc3 Ne5 20. Kh1 h5 21. f4 Ng4 22. h3 Nf6 23. Rxd3 Re8 24. Be5 Ne4 25. Qe1 f6 26. Bb2 Re7 27. Rd7 Rae8 28. Qa5 Ng3+ 29. Kh2 Rxe3 30. Bd4 Re1 31. Rxe1 Re2 32. Qd5+ Kh7 33. Rxe2 Nxe2 34. Qf3 Qf5 35. Rd5 Qe6 36. Qxh5+ Kg8 37. Rd8+ Qe8 38. Rxe8# 1-0

[Event "Titled Tuesday intern op 19th Dec Early"]
[Site "Chess.com INT"]
[Date "2023.12.19"]
[Round "2"]
[White "Bardyk, Artem"]
[Black "Liu, Casper Yukun"]
[Result "1-0"]
[WhiteElo "2206"]
[BlackElo "2270"]
[PlyCount "75"]
[EventDate "2023.12.19"]
[EventType "swiss (blitz)"]
[EventRounds "11"]
[EventCountry "USA"]
[SourceTitle "CB52_2023"]
[SourceDate "2023.12.27"]
[SourceVersion "1"]
[SourceVersionDate "2023.12.27"]
[SourceQuality "1"]

1. e4 c6 2. Nf3 d5 3. exd5 cxd5 4. Ne5 Nf6 5. d4 g6 6. c3 Bg7 7. Bd3 0-0 8. 0-0 Nc6 9. Bf4 Bf5 10. Re1 e6 11. Bf1 Nxe5 12. Bxe5 Bxb1 13. Rxb1 Ne4 14. Bf4 a6 15. Bd3 Nd6 16. a4 Qd7 17. Qb3 Rfc8 18. h4 h5 19. Re3 Nc4 20. Rg3 b5 21. axb5 axb5 22. Re1 Ra7 23. Qc2 b4 24. Qe2 Ra2 25. cxb4 Rxb2 26. Qf3 Rxb4 27. Bxg6 fxg6 28. Rxg6 Qf7 29. Rexe6 Rb7 30. Qg3 Re8 31. Rxg7+ Qxg7 32. Rxe8+ Kf7 33. Qxg7+ Kxg7 34. Rd8 Rb1+ 35. Kh2 Nb6 36. Rb8 Rb2 37. Bc1 Rb1 38. Ba3 1-0

[Event "Titled Tuesday intern op 19th Dec Early"]
[Site "Chess.com INT"]
[Date "2023.12.19"]
[Round "9"]
[White "Liu, Casper Yukun"]
[Black "Masague Artero, Guerau"]
[Result "1-0"]
[WhiteElo "2270"]
[BlackElo "2324"]
[PlyCount "87"]
[EventDate "2023.12.19"]
[EventType "swiss (blitz)"]
[EventRounds "11"]
[EventCountry "USA"]
[SourceTitle "CB52_2023"]
[SourceDate "2023.12.27"]
[SourceVersion "1"]
[SourceVersionDate "2023.12.27"]
[SourceQuality "1"]

1. f4 Nh6 2. Nf3 g6 3. g3 Bg7 4. e3 c5 5. Bg2 Nc6 6. 0-0 0-0 7. Nc3 d5 8. d3 b6 9. Nxd5 Bb7 10. e4 e6 11. Ne3 Nd4 12. Nxd4 cxd4 13. Nc4 Rc8 14. a4 Ba6 15. b3 Qd7 16. g4 f5 17. g5 Nf7 18. e5 h5 19. Ba3 Rfd8 20. Rf2 Bf8 21. Bxf8 Kxf8 22. Qc1 Bb7 23. b4 Bxg2 24. Rxg2 Qd5 25. b5 Rc5 26. Qd1 Kg7 27. Kf2 Rdc8 28. Qf3 Qd7 29. Ra2 R8c7 30. Ke1 Rc8 31. Kd1 R8c7 32. Kd2 Qe7 33. Rg1 Rd5 34. Rb1 Qc5 35. a5 bxa5 36. Rxa5 Rb7 37. Qh1 Qc7 38. Rb3 Rc5 39. Qa1 Qd7 40. Qa4 Qd5 41. Kc1 Qf3 42. Rxa7 Qxf4+ 43. Kb2 Rc6 44. bxc6 1-0

[Event "Titled Tuesday intern op 12th Dec Early"]
[Site "Chess.com INT"]
[Date "2023.12.12"]
[Round "3"]
[White "Boyer, Mahel"]
[Black "Liu, Casper Yukun"]
[Result "1-0"]
[WhiteElo "2427"]
[BlackElo "2270"]
[PlyCount "45"]
[EventDate "2023.12.12"]
[EventType "swiss (blitz)"]
[EventRounds "11"]
[EventCountry "USA"]
[SourceTitle "CB51_2023"]
[SourceDate "2023.12.20"]
[SourceVersion "1"]
[SourceVersionDate "2023.12.20"]
[SourceQuality "1"]

1. e4 c6 2. c4 d5 3. cxd5 cxd5 4. exd5 Nf6 5. Nc3 Nxd5 6. Nf3 g6 7. Bc4 Nxc3 8. Qb3 Nd5 9. Bxd5 e6 10. Bxb7 Bxb7 11. Qxb7 Nd7 12. 0-0 Bg7 13. d4 0-0 14. Bf4 Nb6 15. Rac1 Nd5 16. Bg3 Qa5 17. a3 h6 18. h4 Qa4 19. Rc6 a5 20. Bd6 Rfd8 21. Ne5 Bxe5 22. Bxe5 Ra7 23. Rc8 1-0

[Event "Titled Tuesday intern op 12th Dec Early"]
[Site "Chess.com INT"]
[Date "2023.12.12"]
[Round "10"]
[White "Khodabandeh, Milad"]
[Black "Liu, Casper Yukun"]
[Result "1-0"]
[WhiteElo "1918"]
[BlackElo "2270"]
[PlyCount "53"]
[EventDate "2023.12.12"]
[EventType "swiss (blitz)"]
[EventRounds "11"]
[EventCountry "USA"]
[SourceTitle "CB51_2023"]
[SourceDate "2023.12.20"]
[SourceVersion "1"]
[SourceVersionDate "2023.12.20"]
[SourceQuality "1"]

1. e4 c6 2. d4 d5 3. Nd2 dxe4 4. Nxe4 Bf5 5. Ng3 Nd7 6. Nxf5 Qa5+ 7. c3 Qxf5 8. Bd3 Qd5 9. Nf3 0-0-0 10. 0-0 e5 11. dxe5 Kb8 12. Bf4 Ka8 13. Qe2 Nb6 14. c4 Qd7 15. Rad1 Bc5 16. Bg6 Qc8 17. Bxf7 Ne7 18. e6 Nf5 19. Qe5 Bd6 20. Qxf5 g6 21. Qe4 Be7 22. b3 Rxd1 23. Rxd1 Rd8 24. Rxd8 Qxd8 25. h3 Nc8 26. Qd4 Qa5 27. Qd7 1-0

[Event "Titled Tuesday intern op 12th Dec Early"]
[Site "Chess.com INT"]
[Date "2023.12.12"]
[Round "7"]
[White "Luukkonen, Tommi"]
[Black "Liu, Casper Yukun"]
[Result "1/2-1/2"]
[WhiteElo "2323"]
[BlackElo "2270"]
[PlyCount "72"]
[EventDate "2023.12.12"]
[EventType "swiss (blitz)"]
[EventRounds "11"]
[EventCountry "USA"]
[SourceTitle "CB51_2023"]
[SourceDate "2023.12.20"]
[SourceVersion "1"]
[SourceVersionDate "2023.12.20"]
[SourceQuality "1"]

1. e4 c6 2. Nc3 d5 3. Nf3 dxe4 4. Nxe4 Nf6 5. Qe2 Nxe4 6. Qxe4 Nd7 7. Bc4 Nf6 8. Ne5 e6 9. Qe2 Be7 10. 0-0 0-0 11. c3 c5 12. d4 cxd4 13. Rd1 a6 14. Rxd4 Qa5 15. Bg5 Nd5 16. Rxd5 exd5 17. Bxe7 Re8 18. Nxf7 Kxf7 19. b4 Qb6 20. Qf3+ Kxe7 21. Re1+ Kd8 22. Qxd5+ Bd7 23. Rxe8+ Kxe8 24. Qg8+ Ke7 25. Qxa8 Qf6 26. Qxb7 Qxc3 27. Qe4+ Kd8 28. g3 Kc7 29. Qf4+ Kb6 30. Qd6+ Bc6 31. Qc5+ Kc7 32. Qe7+ Kb8 33. Qf8+ Ka7 34. Qe7+ Kb8 35. Qd8+ Kb7 36. Qe7+ Kb8 1/2-1/2